Liechtenstein-visa - Statistics

Yleistilastot
  • Tätä visaa on pelattu 345 kertaa
    344 viimeisimmän päivityksen jälkeen
  • Keskiarvotulos 9 / 15
Vastaustilastot
Vihje Vastaus % Oikein
Naapurimaat Sveitsi
99%
Naapurimaat Itävalta
98%
Virallinen kieli Saksa
96%
Pääkaupunki Vaduz
94%
Vuoristo, jossa Liechtenstein sijaitsee Alpit
89%
Liechtenstein on Monacon jälkeen maailman _____ valtio Rikkain
76%
Asia Liechtensteinin lipussa Kruunu
68%
Valuutta Sveitsin frangi
63%
Liechtensteinin monarkilla on ____-oikeus lainsäädännössä Veto
54%
Liechtensteinin monarkin arvonimi Ruhtinas
53%
Liechtensteinin länsirajan muodostava joki Rein
43%
Valtakunta, jonka osa Liechtenstein oli vuoteen 1805 asti Pyhä saksalais-roomalainen keisarikunta
37%
Tämänhetkinen monarkki {Hans} Adam II
20%
Väkirikkain kunta Schaan
20%
Liechtensteinin toinen alue pääkaupungin nimisen alueen ohella Schellenberg
8%
Ehtoja vastaavia visoja ei löytynyt
Tulosjakauma
Jokaisen tuloksen saaneiden osuus
Persentiili vastausten määrän mukaan
Tuloshistoriasi
Et ole pelannut tätä visaa sen viimeisimmän päivityksen jälkeen